<?xml version="1.0" encoding="UTF-8"?>
<marc:record xmlns:marc="http://www.loc.gov/MARC21/slim">
   <marc:leader>00000nam a2200000 a 4500</marc:leader>
   <marc:datafield ind1="1" ind2=" " tag="100">
      <marc:subfield code="a">Blade, Adam</marc:subfield>
      <marc:subfield code="4">aut</marc:subfield>
      <marc:subfield code="e">Verfasser/-in</marc:subfield>
   </marc:datafield>
   <marc:datafield ind1="0" ind2="0" tag="245">
      <marc:subfield code="a">Beast Quest - Skoro - Dämon der Wolken</marc:subfield>
   </marc:datafield>
   <marc:datafield ind1="0" ind2="0" tag="245">
      <marc:subfield code="c">Blade, Adam</marc:subfield>
   </marc:datafield>
   <marc:datafield ind1=" " ind2="1" tag="264">
      <marc:subfield code="c">2021</marc:subfield>
   </marc:datafield>
   <marc:datafield ind1="1" ind2=" " tag="490">
      <marc:subfield code="a">Beast Quest</marc:subfield>
      <marc:subfield code="v">14</marc:subfield>
   </marc:datafield>
   <marc:datafield ind1=" " ind2=" " tag="250">
      <marc:subfield code="a">4. Auflage</marc:subfield>
   </marc:datafield>
   <marc:datafield ind1="1" ind2=" " tag="520">
      <marc:subfield code="a">Schrilles Kreischen schallt durch die trostlose Landschaft Gorgonias – Eposs, der Flammenvogel, braucht Hilfe. Doch um ihn zu befreien, müssen Tom und Elenna erst den Furcht erregenden geflügelten Hengst Skoro in einem erbitterten Kampf besiegen ...&#xD;
&#xD;
Die dritte Mission führt Tom nach Gorgonia, dem Land Malvels. Dessen abscheuliche Biester haben die guten Biester gefangen genommen. Tom muss kämpfen – um sein Leben und um die Zukunft Avantias.&#xD;
&#xD;
Actionreiche Fantasy, spannende Missionen und gefährliche Biester! Die erfolgreiche Kinderbuch-Reihe mit zahlreichen Illustrationen ist besonders für Jungs ab 8 Jahren geeignet.&#xD;
&#xD;
Mehr Infos rund um Beast Quest und tolle Extras unter:&#xD;
www.beastquest.de</marc:subfield>
   </marc:datafield>
   <marc:datafield ind1=" " ind2=" " tag="020">
      <marc:subfield code="a">9783785570852</marc:subfield>
      <marc:subfield code="9">9783785570852</marc:subfield>
   </marc:datafield>
   <marc:datafield ind1="0" ind2=" " tag="490">
      <marc:subfield code="v">14</marc:subfield>
   </marc:datafield>
   <marc:datafield ind1=" " ind2=" " tag="338">
      <marc:subfield code="a">Band</marc:subfield>
   </marc:datafield>
   <marc:datafield ind1=" " ind2=" " tag="300">
      <marc:subfield code="a">122 Seiten, Illustrationen</marc:subfield>
   </marc:datafield>
</marc:record>
